[Event "Condino op 12th"]
[Site "Condino"]
[Date "2012.07.22"]
[Round "2"]
[White "Girelli, Sergio"]
[Black "Petragnani, Alessandro"]
[Result "1-0"]
[WhiteElo "1889"]
[BlackElo "1963"]
[PlyCount "51"]
[EventDate "2012.07.22"]
[EventType "swiss"]
[EventRounds "7"]
[EventCountry "ITA"]
[SourceTitle "CBM 149 Extra"]
[Source "ChessBase"]
[SourceDate "2012.08.24"]
[SourceVersion "1"]
[SourceVersionDate "2012.08.24"]
[SourceQuality "1"]

1. e4 g6 2. d4 d6 3. Nc3 Bg7 4. f4 a6 5. Nf3 b5 6. e5 e6 7. Bd3 Bb7 8. 0-0 Ne7 9. Be4 d5 10. Bd3 Nd7 11. Be3 Nb6 12. b3 Nf5 13. Bxf5 gxf5 14. Ng5 h6 15. Nf3 Bf8 16. Ne2 Rc8 17. Ng3 c5 18. Nh5 Nd7 19. dxc5 Bxc5 20. Bxc5 Rxc5 21. Nd4 Rg8 22. Rf3 Qh4 23. Rg3 Rg4 24. Rxg4 fxg4 25. Ng3 Ke7 26. Ngf5+ 1-0

[Event "Condino op 12th"]
[Site "Condino"]
[Date "2012.07.22"]
[Round "1"]
[White "Petragnani, Alessandro"]
[Black "Simoni, Giulio"]
[Result "1/2-1/2"]
[WhiteElo "1963"]
[BlackElo "1679"]
[PlyCount "58"]
[EventDate "2012.07.22"]
[EventType "swiss"]
[EventRounds "7"]
[EventCountry "ITA"]
[SourceTitle "CBM 149 Extra"]
[Source "ChessBase"]
[SourceDate "2012.08.24"]
[SourceVersion "1"]
[SourceVersionDate "2012.08.24"]
[SourceQuality "1"]

1. c4 Nf6 2. g3 e6 3. Bg2 d5 4. Nf3 c6 5. b3 Bd6 6. Bb2 Nbd7 7. cxd5 exd5 8. 0-0 0-0 9. Nc3 Re8 10. d3 a6 11. Qc2 Ne5 12. Nd2 Ng6 13. h3 Bd7 14. e4 Qc8 15. Kh2 Nh4 16. Rh1 Nxg2 17. Kxg2 dxe4 18. Ncxe4 Nxe4 19. dxe4 Qc7 20. Nc4 f6 21. Nxd6 Qxd6 22. Rad1 Qe7 23. Rhe1 Qe6 24. g4 Rad8 25. Re3 Bc8 26. Rd4 Rxd4 27. Bxd4 Qd6 28. Qc5 Qxc5 29. Bxc5 Kf7 1/2-1/2

[Event "Arco op"]
[Site "Arco"]
[Date "2011.12.27"]
[Round "3"]
[White "Petragnani, Alessandro"]
[Black "Trauth, Michael"]
[Result "1/2-1/2"]
[WhiteElo "1924"]
[BlackElo "2180"]
[PlyCount "101"]
[EventDate "2011.12.26"]
[EventType "swiss"]
[EventRounds "7"]
[EventCountry "ITA"]
[SourceTitle "EXT 2023"]
[Source "ChessBase"]
[SourceDate "2022.10.05"]
[SourceVersion "1"]
[SourceVersionDate "2022.10.05"]
[SourceQuality "1"]

1. c4 c5 2. g3 g6 3. Bg2 Bg7 4. Nc3 Nf6 5. Nf3 0-0 6. 0-0 Nc6 7. d4 cxd4 8. Nxd4 d6 9. Nc2 Be6 10. Ne3 Qd7 11. Ned5 Ne5 12. Qa4 Rfd8 13. Qxd7 Rxd7 14. b3 Rc8 15. Bb2 Bxd5 16. Nxd5 Nxd5 17. Bxd5 Nf3+ 18. Bxf3 Bxb2 19. Rab1 Bf6 20. Rfd1 Rc5 21. Rd3 Rdc7 22. Rd5 b6 23. Rbd1 a5 24. Rxc5 bxc5 25. Kg2 Kf8 26. h4 h6 27. Be4 Ke8 28. Kf3 Kd7 29. Bc2 e6 30. e4 Bd4 31. Ke2 Ke7 32. f4 Rc8 33. Kf3 Rg8 34. Rh1 h5 35. Rf1 f5 36. Bd3 Kf6 37. Re1 e5 38. Re2 Rf8 39. Rg2 Ke6 40. Be2 Rb8 41. Bd1 Kf6 42. Bc2 Rb4 43. Re2 Rb7 44. Rg2 Re7 45. Re2 Ke6 46. Rg2 Rf7 47. Re2 Rf6 48. Bd3 Rf8 49. Bc2 Rh8 50. Bd1 Kf6 51. Bc2 1/2-1/2

[Event "Rome Accademia Winter"]
[Site "Rome"]
[Date "2010.02.14"]
[Round "4"]
[White "Battistelli, Alessandro"]
[Black "Petragnani, Alessandro"]
[Result "1/2-1/2"]
[WhiteElo "1923"]
[BlackElo "1732"]
[PlyCount "95"]
[EventDate "2010.02.12"]
[EventType "swiss"]
[EventRounds "5"]
[EventCountry "ITA"]
[SourceTitle "EXT 2024"]
[Source "ChessBase"]
[SourceDate "2023.10.10"]
[SourceVersion "1"]
[SourceVersionDate "2023.10.10"]
[SourceQuality "1"]

1. e4 g6 2. d4 Bg7 3. Nc3 d6 4. f4 a6 5. Nf3 Nd7 6. Bd3 b5 7. 0-0 Bb7 8. Be3 b4 9. Ne2 Ngf6 10. Ng3 Ng4 11. Bd2 c5 12. c3 Qb6 13. e5 cxd4 14. Nxd4 dxe5 15. fxe5 Ngxe5 16. Be4 Bxe4 17. Nxe4 bxc3 18. bxc3 Nc4 19. Qf3 0-0 20. Be3 Nde5 21. Qe2 Ng4 22. Rab1 Qa7 23. Bf2 Nxf2 24. Qxf2 e5 25. Nc6 Qxf2+ 26. Rxf2 Rfe8 27. Rb7 f5 28. Nd2 Ne3 29. Nf3 Bf6 30. Rd2 Nc4 31. Rdd7 Rac8 32. Nb4 Rcd8 33. Rf7 Nd6 34. Rxf6 Nxb7 35. Rxa6 Rd1+ 36. Kf2 Nc5 37. Ra7 Red8 38. Nc6 Ne4+ 39. Ke2 Nxc3+ 40. Kf2 Ne4+ 41. Ke2 R8d6 42. Ncxe5 Nc3+ 43. Kf2 Ne4+ 44. Ke3 h6 45. a4 Nc5 46. Ke2 Ra1 47. Ke3 Rad1 48. Ke2 1/2-1/2

[Event "Rome Accademia Winter"]
[Site "Rome"]
[Date "2010.02.13"]
[Round "2"]
[White "Petragnani, Alessandro"]
[Black "Sacco, Davide"]
[Result "1-0"]
[WhiteElo "1732"]
[BlackElo "1467"]
[PlyCount "110"]
[EventDate "2010.02.12"]
[EventType "swiss"]
[EventRounds "5"]
[EventCountry "ITA"]
[SourceTitle "EXT 2024"]
[Source "ChessBase"]
[SourceDate "2023.10.10"]
[SourceVersion "1"]
[SourceVersionDate "2023.10.10"]
[SourceQuality "1"]

1. c4 Nf6 2. g3 e6 3. Bg2 d5 4. cxd5 exd5 5. Nf3 Be7 6. 0-0 0-0 7. d3 c6 8. a3 h6 9. Nbd2 Re8 10. b4 Bf8 11. e3 Bg4 12. Qc2 Qd7 13. Bb2 Bh3 14. Bxf6 gxf6 15. Rfc1 Bxg2 16. Kxg2 Na6 17. d4 Nc7 18. Nh4 Nb5 19. Qf5 Qxf5 20. Nxf5 a5 21. a4 Nd6 22. Nxd6 Bxd6 23. bxa5 Rxa5 24. Rcb1 b5 25. axb5 Rxa1 26. Rxa1 cxb5 27. Ra6 Rd8 28. Rb6 b4 29. Nb3 Kf8 30. Na5 Rd7 31. Nc6 Kg7 32. Nxb4 Bxb4 33. Rxb4 Rd6 34. Kf3 f5 35. Kf4 Kf6 36. Rb8 Ra6 37. f3 Kg6 38. Rd8 Ra5 39. Rg8+ Kh7 40. Re8 Kg6 41. Re5 f6 42. Rxf5 h5 43. g4 hxg4 44. fxg4 Ra2 45. Kg3 Re2 46. Rf3 Re1 47. h4 Rg1+ 48. Kf4 Kh6 49. Kf5 Kg7 50. Rf4 Rg3 51. e4 dxe4 52. Rxe4 Rf3+ 53. Ke6 Kg6 54. d5 Rd3 55. d6 Rd5 1-0

[Event "Rome Accademia Winter"]
[Site "Rome"]
[Date "2010.02.12"]
[Round "1"]
[White "Corvi, Marco"]
[Black "Petragnani, Alessandro"]
[Result "1-0"]
[WhiteElo "2279"]
[BlackElo "1732"]
[PlyCount "99"]
[EventDate "2010.02.12"]
[EventType "swiss"]
[EventRounds "5"]
[EventCountry "ITA"]
[SourceTitle "EXT 2024"]
[Source "ChessBase"]
[SourceDate "2023.10.10"]
[SourceVersion "1"]
[SourceVersionDate "2023.10.10"]
[SourceQuality "1"]

1. c4 g6 2. Nc3 Bg7 3. Nf3 Nf6 4. g3 c5 5. Bg2 0-0 6. 0-0 d6 7. d4 a6 8. dxc5 dxc5 9. Qxd8 Rxd8 10. Be3 Nfd7 11. Na4 Nc6 12. Rad1 b5 13. Nxc5 Nxc5 14. Rxd8+ Nxd8 15. Bxc5 Bb7 16. b4 Ne6 17. Rc1 Nxc5 18. bxc5 b4 19. Rd1 Bc6 20. Ne1 Bxg2 21. Kxg2 Bc3 22. Nd3 Rc8 23. Kf3 e6 24. Rc1 Kf8 25. a3 a5 26. axb4 axb4 27. Rb1 Ke7 28. Ke3 Rb8 29. Nc1 Rc8 30. Na2 Rxc5 31. Nxc3 bxc3 32. Kd4 c2 33. Rc1 Rf5 34. f4 Rh5 35. h4 Kd6 36. Rxc2 Ra5 37. Rb2 Kc6 38. Rb8 h5 39. Rc8+ Kd7 40. Rf8 Ke7 41. Rb8 Kd6 42. Rb7 f6 43. Rg7 e5+ 44. fxe5+ fxe5+ 45. Ke4 Kc5 46. Rxg6 Kxc4 47. Rc6+ Kb3 48. Re6 Ra2 49. Ke3 Ra5 50. Rh6 1-0